MAASAI MARA UNIVERSITY

LIBRARY CATALOGUE

Contact Us: +254 020 2685356/7 or 0774 057787

Box: 861-20500, NAROK, KENYA

Email: info@mmarau.ac.ke

Clark susanne (Record no. 3372)

MARC details
000 -LEADER
fixed length control field 00419nam a2200145Ia 4500
008 - FIXED-LENGTH DATA ELEMENTS--GENERAL INFORMATION
fixed length control field 151015s9999 xx 000 0 und d
020 ## - INTERNATIONAL STANDARD BOOK NUMBER
International Standard Book Number 1861002718
050 ## - LIBRARY OF CONGRESS CALL NUMBER
Classification number QA 76.73 V27 V368 1999
245 ## - TITLE STATEMENT
Title Clark susanne
250 ## - EDITION STATEMENT
Edition statement _VBScript Programmer's Reference Donatis De Antonio
300 ## - PHYSICAL DESCRIPTION
Extent U k Wrox Press ltd 1999
500 ## - GENERAL NOTE
General note Includes index
650 ## - SUBJECT ADDED ENTRY--TOPICAL TERM
Topical term or geographic name as entry element _Programming
700 ## - ADDED ENTRY--PERSONAL NAME
Personal name ^d20120810 12:10:53^okorir

No items available.

© 2016 Maasai Mara University.